[Event "Mercredi 2016.08.31 ABCD"]
[Site "Montreal CAN"]
[Date "2016.09.28"]
[Round "5"]
[White "Cisse, Lamine"]
[Black "Nardone, Raul"]
[Result "0-1"]
[WhiteElo "1739"]
[BlackElo "1820"]
[PlyCount "100"]
[EventDate "2016.08.31"]
[EventType "tourn"]
[EventRounds "5"]
[EventCountry "CAN"]

1. e4 c5 2. Nf3 a6 3. d3 Nc6 4. g3 d6 5. Bg2 g6 6. Nc3 Bg7 7. Bg5 h6 8. Be3 Nd4
9. Qd2 Rb8 10. O-O b5 11. Bxd4 cxd4 12. Ne2 Qb6 13. Nh4 Nf6 14. h3 O-O 15. f4
e5 16. f5 g5 17. Nf3 Bb7 18. g4 Rbc8 19. Ng3 Rc6 20. Nh5 Nxh5 21. gxh5 f6 22.
h4 Qd8 23. hxg5 hxg5 24. Bh3 Rc7 25. Bg4 d5 26. Rae1 dxe4 27. dxe4 Bh6 28. Rf2
Kh7 29. Ree2 Qe7 30. Ne1 Rfc8 31. a3 Rc4 32. b4 a5 33. bxa5 Qxa3 34. Rf3 Rc3
35. Qd1 Qxa5 36. Nd3 b4 37. Qb1 Ba6 38. Rd2 Bxd3 39. Rfxd3 Qc5 40. Qa2 Rc7 41.
Bd1 g4 42. Rg2 Rxd3 43. cxd3 Be3+ 44. Kh1 Qc1 45. Qe2 Bg5 46. Rg1 Qe3 47. Qxe3
Bxe3 48. Rf1 g3 49. Bb3 Rc3 50. Bc4 Rc2 0-1

[Event "Mercredi 2016.08.31 ABCD"]
[Site "Montreal CAN"]
[Date "2016.09.28"]
[Round "5"]
[White "Fortin-Lavoie, Patrice"]
[Black "Johnson-Constantin, Matthieu"]
[Result "1/2-1/2"]
[WhiteElo "1796"]
[BlackElo "1837"]
[PlyCount "48"]
[EventDate "2016.08.31"]
[EventType "tourn"]
[EventRounds "5"]
[EventCountry "CAN"]

1. Nf3 e6 2. g3 Nf6 3. Bg2 d5 4. O-O c5 5. c4 d4 6. e3 Nc6 7. exd4 cxd4 8. Re1
Qc7 9. Na3 Bxa3 10. bxa3 O-O 11. d3 Nd7 12. Qe2 e5 13. Rb1 f6 14. Qe4 Ne7 15.
Nxd4 Nc5 16. Nb5 Qd8 17. Qe3 Ne6 18. Bd2 a6 19. Nc3 Nd4 20. Rb2 Rb8 21. Nd5
Nef5 22. Qe4 Nd6 23. Qe3 N6f5 24. Qe4 Nd6 1/2-1/2

[Event "Mercredi 2016.08.31 ABCD"]
[Site "Montreal CAN"]
[Date "2016.09.28"]
[Round "5"]
[White "Jacquet, Stephane"]
[Black "Brassard, Sylvain"]
[Result "1-0"]
[WhiteElo "2106"]
[BlackElo "1833"]
[PlyCount "34"]
[EventDate "2016.08.31"]
[EventType "tourn"]
[EventRounds "5"]
[EventCountry "CAN"]

1. d4 d5 2. c4 e6 3. Nc3 Nf6 4. cxd5 exd5 5. Bg5 Be7 6. Qc2 O-O 7. e3 b6 8. Bd3
Bb7 9. Bxf6 Bxf6 10. Bxh7+ Kh8 11. Bd3 Re8 12. Nge2 c5 13. O-O g6 14. Nf4 c4
15. Bxg6 fxg6 16. Qxg6 Bg7 17. Ne6 Qe7 1-0

[Event "Mercredi 2016.08.31 ABCD"]
[Site "Montreal CAN"]
[Date "2016.09.28"]
[Round "5"]
[White "Joyal, Bruno"]
[Black "Lamoureux, Yvon"]
[Result "1-0"]
[WhiteElo "1813"]
[BlackElo "1754"]
[PlyCount "59"]
[EventDate "2016.08.31"]
[EventType "tourn"]
[EventRounds "5"]
[EventCountry "CAN"]

1. e4 d6 2. d4 Nf6 3. Bd3 g6 4. Nf3 Bg7 5. O-O O-O 6. Bg5 Bg4 7. h3 Bxf3 8.
Qxf3 e5 9. dxe5 dxe5 10. Nc3 c6 11. Rad1 Qe7 12. Bc4 Nbd7 13. Rxd7 Qxd7 14.
Bxf6 b5 15. Rd1 Qc7 16. Bxg7 Kxg7 17. Bb3 a5 18. a3 a4 19. Ba2 Rad8 20. h4
Rxd1+ 21. Nxd1 Qd6 22. Ne3 Qd4 23. h5 h6 24. c3 Qd2 25. Qg3 Qxb2 26. Qxe5+ Kh7
27. hxg6+ Kxg6 28. Qd6+ Kg7 29. Nf5+ Kg8 30. Qg6+ 1-0

[Event "Mercredi 2016.08.31 ABCD"]
[Site "Montreal CAN"]
[Date "2016.09.28"]
[Round "5"]
[White "Keesal, Sheldon"]
[Black "Boudreau, Daniel"]
[Result "0-1"]
[WhiteElo "2004"]
[BlackElo "2111"]
[PlyCount "68"]
[EventDate "2016.08.31"]
[EventType "tourn"]
[EventRounds "5"]
[EventCountry "CAN"]

1. e4 c5 2. Nf3 e6 3. d4 cxd4 4. Nxd4 Nc6 5. Nb5 d6 6. c4 a6 7. N5a3 Nf6 8. Nc3
Be7 9. Bg5 Qa5 10. Bxf6 Bxf6 11. Qd2 Bxc3 12. Qxc3 Qxc3+ 13. bxc3 Ke7 14. Be2
Bd7 15. Rb1 Na5 16. Nc2 Rac8 17. Ne3 Rc5 18. O-O Bc6 19. Bd3 g6 20. f3 f5 21.
exf5 gxf5 22. f4 Rg8 23. Rfe1 Kf6 24. Kf2 h5 25. h4 b5 26. cxb5 axb5 27. g3
Rxc3 28. Bxb5 Be4 29. Rbc1 Ra3 30. Re2 d5 31. Rd2 d4 32. Nc4 Ra8 33. Rxd4 Rxa2+
34. Rd2 Nb3 0-1

[Event "Mercredi 2016.08.31 ABCD"]
[Site "Montreal CAN"]
[Date "2016.09.28"]
[Round "5"]
[White "Leveille, Francois"]
[Black "Soudre, Nicolas"]
[Result "1/2-1/2"]
[WhiteElo "2357"]
[BlackElo "2208"]
[PlyCount "108"]
[EventDate "2016.08.31"]
[EventType "tourn"]
[EventRounds "5"]
[EventCountry "CAN"]

1. e4 e5 2. Nf3 Nc6 3. Bb5 Nf6 4. Nc3 Nd4 5. Ba4 Bc5 6. Nxe5 O-O 7. Nd3 Bb6 8.
e5 Ne8 9. Nd5 d6 10. Ne3 Qg5 11. h4 Qg6 12. Kf1 Qe4 13. Qh5 Nf5 14. b4 dxe5 15.
Bb3 Nf6 16. Qf3 Qxf3 17. gxf3 Nxe3+ 18. dxe3 e4 19. Nf4 c6 20. Bb2 Bd8 21. Rg1
exf3 22. h5 h6 23. Rd1 Kh8 24. Bxf7 Bh3+ 25. Nxh3 Rxf7 26. Nf4 a5 27. bxa5 Kh7
28. Rd3 Bc7 29. Ne6 Rxa5 30. Nxg7 Rxa2 31. Bxf6 Rxf6 32. Rd1 Rf7 33. Ne6 Be5
34. c4 b5 35. cxb5 cxb5 36. Rg4 Ra6 37. Nc5 Rc6 38. Nb3 Bg7 39. Rb4 Rf5 40. Nd4
Bxd4 41. Rbxd4 Rxh5 42. Rd7+ Kg6 43. Ke1 Rh1+ 44. Kd2 Rxd1+ 45. Kxd1 h5 46. Rd5
Rb6 47. Kc2 h4 48. Kb3 Rb8 49. Kb4 h3 50. Rd1 Kf5 51. Rd5+ Kg6 52. Rd6+ Kg5 53.
Rd5+ Kg6 54. Rd6+ Kg5 1/2-1/2

[Event "Mercredi 2016.08.31 ABCD"]
[Site "Montreal CAN"]
[Date "2016.09.28"]
[Round "5"]
[White "Lopez Linares, Lizandro"]
[Black "Yu, Zong Yang"]
[Result "0-1"]
[WhiteElo "2231"]
[BlackElo "2437"]
[PlyCount "102"]
[EventDate "2016.08.31"]
[EventType "tourn"]
[EventRounds "5"]
[EventCountry "CAN"]

1. d4 Nf6 2. Nf3 g6 3. Bg5 Bg7 4. Nbd2 d5 5. e3 O-O 6. Bd3 c5 7. c3 b6 8. Qe2
Bb7 9. O-O Ne4 10. Bh4 Nd7 11. Rfd1 Ndf6 12. Ne5 Nd6 13. a4 a5 14. f3 Nd7 15.
Nxd7 Qxd7 16. dxc5 bxc5 17. e4 e6 18. e5 Nf5 19. Bf2 Qc7 20. Re1 Rab8 21. Nb3
c4 22. Bxf5 cxb3 23. Bd3 Rfc8 24. Ba7 Ra8 25. Bd4 Bc6 26. Ba6 Rcb8 27. Bb5 Qb7
28. Bxc6 Qxc6 29. h4 Rc8 30. h5 Qd7 31. hxg6 fxg6 32. Qb5 Qxb5 33. axb5 a4 34.
b6 Rcb8 35. Kf2 Ra5 36. Ke3 Bf8 37. Kd3 Be7 38. c4 dxc4+ 39. Kxc4 Bd8 40. Red1
Bxb6 41. Bc3 Ra7 42. Rd6 Kf7 43. Rad1 Rc7+ 44. Kd3 Bc5 45. Ke4 a3 46. Ra6 a2
47. f4 h5 48. g3 Rbb7 49. Ra1 Bf2 50. Kf3 Rxc3+ 51. bxc3 b2 0-1

[Event "Mercredi 2016.08.31 ABCD"]
[Site "Montreal CAN"]
[Date "2016.09.28"]
[Round "5"]
[White "Robidoux, Julien"]
[Black "Gates, Claude-Eric"]
[Result "1-0"]
[WhiteElo "1771"]
[BlackElo "1790"]
[PlyCount "78"]
[EventDate "2016.08.31"]
[EventType "tourn"]
[EventRounds "5"]
[EventCountry "CAN"]

1. d4 Nf6 2. c4 e6 3. Nc3 Bb4 4. f3 d5 5. a3 Bxc3+ 6. bxc3 O-O 7. Bg5 Nbd7 8.
e3 b6 9. cxd5 exd5 10. Bd3 h6 11. Bh4 Qe7 12. Bf2 c5 13. Ne2 Re8 14. O-O Nf8
15. Ng3 N8h7 16. Qd2 Ng5 17. a4 c4 18. Bc2 a6 19. Rfe1 Qd6 20. h4 Ngh7 21. e4
dxe4 22. Nxe4 Qd8 23. Bg3 Ra7 24. Nd6 Rxe1+ 25. Rxe1 Be6 26. Qe2 Nd5 27. Nxc4
Nxc3 28. Qd3 Nf6 29. Qxc3 Qc8 30. Rxe6 fxe6 31. Qd3 Qd8 32. Be5 Rd7 33. g4 b5
34. axb5 axb5 35. Ne3 Qe8 36. g5 hxg5 37. hxg5 Qh5 38. gxf6 gxf6 39. Bxf6 Rh7
1-0

[Event "Mercredi 2016.08.31 ABCD"]
[Site "Montreal CAN"]
[Date "2016.09.28"]
[Round "5"]
[White "Zumsteg, Nicolas"]
[Black "O'Connor, Michael"]
[Result "1-0"]
[WhiteElo "1778"]
[BlackElo "1675"]
[PlyCount "67"]
[EventDate "2016.08.31"]
[EventType "tourn"]
[EventRounds "5"]
[EventCountry "CAN"]

1. e4 c5 2. d4 cxd4 3. c3 dxc3 4. Nxc3 Nc6 5. Nf3 d6 6. Be2 g6 7. Be3 Bg7 8.
O-O Nf6 9. h3 O-O 10. Qd2 Re8 11. Rad1 Bd7 12. Nh4 Qa5 13. f4 Rad8 14. g4 a6
15. Kh2 b5 16. a3 Bc8 17. Bf3 Bb7 18. Qf2 Nd7 19. Nd5 Ncb8 20. Nb6 Nxb6 21.
Bxb6 Qa4 22. Bxd8 Bxe4 23. Bxe4 Qxe4 24. Rfe1 Qa4 25. Bc7 b4 26. axb4 Qxb4 27.
Bxd6 Qb3 28. Ba3 Nc6 29. Nf3 e6 30. Qe3 Qb5 31. Qd3 Qb7 32. Qd7 Qa8 33. Rc1 Na5
34. Rc7 1-0

[Event "Mercredi 2016.10.12 ABCD"]
[Site "Montreal CAN"]
[Date "2016.10.12"]
[Round "1"]
[White "Cardin, Guillaume"]
[Black "Have, Didier"]
[Result "1-0"]
[WhiteElo "2039"]
[BlackElo "1976"]
[PlyCount "129"]
[EventDate "2016.10.12"]
[EventType "tourn"]
[EventRounds "5"]
[EventCountry "CAN"]

1. d4 Nf6 2. c4 g6 3. Nc3 Bg7 4. e4 O-O 5. Be2 d6 6. Bg5 c5 7. d5 b5 8. cxb5 a6
9. a4 Nbd7 10. Nf3 Ng4 11. O-O h6 12. Bh4 g5 13. Bg3 Nge5 14. Nd2 Ng6 15. Qb3
Nf4 16. Bxf4 gxf4 17. Nc4 a5 18. Bg4 Ne5 19. Nxe5 Bxe5 20. Qd1 f5 21. Bxf5 Bxf5
22. exf5 Rxf5 23. Qg4+ Rg5 24. Qe6+ Kh7 25. Ne4 Rg6 26. Qf7+ Rg7 27. Qf5+ Kh8
28. Qe6 Qe8 29. Ra3 Rg6 30. Qh3 Kh7 31. Rd1 Qf7 32. b6 Rag8 33. b7 e6 34. Rb3
exd5 35. b8=Q Rxb8 36. Rxb8 dxe4 37. Qc8 Rg7 38. b3 Qh5 39. Qh8+ Kg6 40. Qe8+
Kg5 41. Qxh5+ Kxh5 42. Rb5 Ra7 43. Re1 e3 44. fxe3 fxe3 45. g3 Kg6 46. Re2 Bc3
47. Rb6 Rd7 48. Kg2 Bd2 49. g4 Kg5 50. Kg3 Kf6 51. h4 Ke5 52. Rb8 Kd4 53. Re8
Kd3 54. Rg2 Be1+ 55. Kh3 d5 56. g5 hxg5 57. hxg5 Rh7+ 58. Kg4 Rh4+ 59. Kf5 Rb4
60. g6 Bc3 61. Rg3 Re4 62. Rxe4 dxe4 63. Kf4 Kc2 64. Rxe3 Kxb3 65. g7 1-0

[Event "Mercredi 2016.10.12 ABCD"]
[Site "Montreal CAN"]
[Date "2016.10.12"]
[Round "1"]
[White "Esterez, Emmanuel"]
[Black "Rondon, Luciano"]
[Result "1-0"]
[WhiteElo "1919"]
[BlackElo "1881"]
[PlyCount "87"]
[EventDate "2016.10.12"]
[EventType "tourn"]
[EventRounds "5"]
[EventCountry "CAN"]

1. e4 c5 2. Nf3 d6 3. c3 Nf6 4. Bd3 Nc6 5. Bc2 Bg4 6. d3 g6 7. Nbd2 Bg7 8. h3
Bd7 9. Nf1 O-O 10. Ne3 Ne5 11. O-O Bc6 12. Ne1 Rc8 13. f4 Ned7 14. a4 e5 15. f5
d5 16. Qf3 d4 17. Ng4 Nxg4 18. hxg4 Qb6 19. a5 Qd8 20. Qh3 g5 21. Kf2 h6 22.
Rh1 f6 23. Bb3+ Kh7 24. Nf3 Bb5 25. Be6 Rc7 26. c4 Bc6 27. Bd2 Rh8 28. Qh5 Nf8
29. Bxg5 Be8 30. Bxf6 Qxf6 31. Qxe8 Re7 32. g5 Qxe6 33. Qxf8 Rxf8 34. fxe6 Rxe6
35. Ke2 Kg6 36. gxh6 Bxh6 37. Nh4+ Kg5 38. Nf5 Rg6 39. Raf1 Bg7 40. Rf3 Rh8 41.
Rg3+ Kf6 42. Rxg6+ Kxg6 43. Rxh8 Bxh8 44. Nd6 1-0

[Event "Mercredi 2016.10.12 ABCD"]
[Site "Montreal CAN"]
[Date "2016.10.12"]
[Round "1"]
[White "Gates, Claude-Eric"]
[Black "Fortin-Lavoie, Patrice"]
[Result "1-0"]
[WhiteElo "1810"]
[BlackElo "1796"]
[PlyCount "59"]
[EventDate "2016.10.12"]
[EventType "tourn"]
[EventRounds "5"]
[EventCountry "CAN"]

1. e4 Nc6 2. Nf3 e5 3. Bc4 Nf6 4. Ng5 d5 5. exd5 Na5 6. Bb5+ c6 7. dxc6 bxc6 8.
Be2 h6 9. Nf3 e4 10. Ne5 Bd6 11. d4 exd3 12. Nxd3 Qc7 13. Nc3 Be6 14. b3 Rd8
15. Bd2 Bxh2 16. Qc1 Bd6 17. Bf3 Nb7 18. Rh4 Nd5 19. Qb2 Qe7 20. Ra4 Nc5 21.
Nxc5 Bxc5 22. O-O-O O-O 23. Nxd5 Bxd5 24. Qc3 Rd7 25. Rg4 f5 26. Re1 Ba3+ 27.
Kb1 Qxe1+ 28. Bxe1 fxg4 29. Bxg4 Be6 30. Bxe6+ 1-0

[Event "Mercredi 2016.10.12 ABCD"]
[Site "Montreal CAN"]
[Date "2016.10.12"]
[Round "1"]
[White "Johnson-Constantin, Matthieu"]
[Black "Beaulieu, Pierre"]
[Result "1-0"]
[WhiteElo "1917"]
[BlackElo "1885"]
[PlyCount "82"]
[EventDate "2016.10.12"]
[EventType "tourn"]
[EventRounds "5"]
[EventCountry "CAN"]

1. e4 g6 2. d4 Bg7 3. Nf3 d6 4. h3 Nd7 5. Be3 e5 6. d5 Ngf6 7. Nc3 a6 8. a4 O-O
9. Nd2 Nh5 10. f3 Ng3 11. Rg1 Nf6 12. Nc4 Bd7 13. Qd2 b5 14. Na5 Qb8 15. Bd3
Nfh5 16. Nc6 Bxc6 17. dxc6 bxa4 18. Rxa4 Nf4 19. b3 Nxd3+ 20. Qxd3 f5 21. Nd5
a5 22. Bf2 fxe4 23. Qc4 Kh8 24. Bxg3 exf3 25. gxf3 Rxf3 26. Qe2 Rf5 27. Rf1
Rxf1+ 28. Qxf1 Qd8 29. h4 Qc8 30. h5 gxh5 31. Qh1 Qf5 32. Qe4 Qg5 33. Qe3 Qf5
34. Kd1 Qf1+ 35. Be1 Rf8 36. Rxa5 h4 37. Ra4 h3 38. Rh4 Ra8 39. Qe4 h6 40. Kd2
Ra1 41. Nxc7 d5 1-0

[Event "Mercredi 2016.10.12 ABCD"]
[Site "Montreal CAN"]
[Date "2016.10.12"]
[Round "1"]
[White "Lebeau, Gilbert"]
[Black "Singher, Jean-Pierre"]
[Result "0-1"]
[WhiteElo "2089"]
[BlackElo "1945"]
[PlyCount "48"]
[EventDate "2016.10.12"]
[EventType "tourn"]
[EventRounds "5"]
[EventCountry "CAN"]

1. d4 Nf6 2. c4 e6 3. Nf3 d5 4. g3 Bb4+ 5. Bd2 Be7 6. Nc3 O-O 7. cxd5 exd5 8.
Bg2 c6 9. O-O Bf5 10. Bg5 h6 11. Bxf6 Bxf6 12. e3 Nd7 13. b4 b5 14. a4 a5 15.
axb5 axb4 16. bxc6 bxc3 17. cxd7 c2 18. Qd2 Qxd7 19. Rfc1 Rxa1 20. Rxa1 Rb8 21.
Rc1 Rb1 22. Ne1 Qc6 23. h3 Be7 24. e4 Bb4 0-1

[Event "Mercredi 2016.10.12 ABCD"]
[Site "Montreal CAN"]
[Date "2016.10.12"]
[Round "1"]
[White "Lessard, Sylvain"]
[Black "Dumouchel, Alain"]
[Result "1/2-1/2"]
[WhiteElo "1821"]
[BlackElo "1784"]
[PlyCount "56"]
[EventDate "2016.10.12"]
[EventType "tourn"]
[EventRounds "5"]
[EventCountry "CAN"]

1. c4 Nf6 2. Nc3 g6 3. g3 Bg7 4. Bg2 d6 5. Rb1 O-O 6. Nf3 Nc6 7. b4 Bf5 8. d3
e5 9. O-O Qd7 10. Re1 e4 11. b5 Ne7 12. Ng5 d5 13. dxe4 dxe4 14. Qxd7 Nxd7 15.
Bb2 e3 16. Rbd1 exf2+ 17. Kxf2 Ne5 18. Bxb7 Nxc4 19. Ba1 Rab8 20. Nd5 Nxd5 21.
Bxd5 Nd6 22. Bxg7 Kxg7 23. a4 h6 24. Nf3 Ne4+ 25. Bxe4 Bxe4 26. Rd7 c6 27. bxc6
Bxc6 28. Rxa7 Ra8 1/2-1/2

[Event "Mercredi 2016.10.12 ABCD"]
[Site "Montreal CAN"]
[Date "2016.10.21"]
[Round "1"]
[White "Lopez Linares, Lizandro"]
[Black "Jacquet, Stephane"]
[Result "1/2-1/2"]
[WhiteElo "2251"]
[BlackElo "2119"]
[PlyCount "120"]
[EventDate "2016.10.12"]
[EventType "tourn"]
[EventRounds "5"]
[EventCountry "CAN"]

1. d4 d5 2. Nf3 Nf6 3. g3 e6 4. Bg2 Be7 5. O-O O-O 6. b3 Nbd7 7. Bb2 b6 8. Nbd2
Bb7 9. e3 c5 10. Ne5 Nxe5 11. dxe5 Ne4 12. Nxe4 dxe4 13. Qg4 Qd5 14. Rfd1 Qc6
15. Rd6 Bxd6 16. exd6 g6 17. Rd1 Rad8 18. Be5 f5 19. Qg5 Qd7 20. h4 Qf7 21. Qf4
Rd7 22. Bf1 a6 23. a4 Rfd8 24. Bc4 Qe8 25. h5 gxh5 26. Qh6 Qg6 27. Bxe6+ Rf7
28. Bxf7+ Kxf7 29. Qf4 Qg4 30. Kh2 Qxf4 31. gxf4 Bc6 32. Kh3 Rg8 33. Kh4 Ke6
34. d7 Bxd7 35. Rd6+ Ke7 36. Rxb6 Rg6 37. a5 Bc8 38. c3 Rxb6 39. axb6 c4 40. b4
Kd7 41. Kxh5 Kc6 42. Bd4 Be6 43. Kh6 Bg8 44. Kg7 h5 45. Bf6 Be6 46. Kh6 Kxb6
47. Bd4+ Kb5 48. Kxh5 a5 49. bxa5 Kxa5 50. Kg5 Kb5 51. Kf6 Bd7 52. Ke5 Kc6 53.
f3 exf3 54. e4 fxe4 55. Be3 Bh3 56. f5 Kd7 57. Bc5 e3 58. Bxe3 Ke7 59. Bf2 Kf7
60. Kf4 Kf6 1/2-1/2

[Event "Mercredi 2016.10.12 ABCD"]
[Site "Montreal CAN"]
[Date "2016.10.12"]
[Round "1"]
[White "Luo, Zhao Yang"]
[Black "Langlois-Remillard, Alexis"]
[Result "0-1"]
[WhiteElo "2073"]
[BlackElo "1954"]
[PlyCount "72"]
[EventDate "2016.10.12"]
[EventType "tourn"]
[EventRounds "5"]
[EventCountry "CAN"]

1. d4 d5 2. Nf3 Nc6 3. Bf4 Nf6 4. e3 Bg4 5. Be2 e6 6. O-O Bd6 7. Bg5 h6 8. Bh4
g5 9. Bg3 Ne4 10. Bxd6 Qxd6 11. Nfd2 Bxe2 12. Qxe2 O-O-O 13. Nxe4 dxe4 14. Nc3
f5 15. Qc4 h5 16. Rfd1 Ne7 17. a4 a6 18. b4 Nd5 19. b5 Qb4 20. Qxb4 Nxb4 21.
Rdb1 a5 22. Rb2 e5 23. Ne2 f4 24. c3 Nd3 25. Rd2 Rhf8 26. Nc1 exd4 27. exd4 Nc5
28. Re2 Rfe8 29. f3 e3 30. h4 g4 31. Raa2 Rg8 32. Kf1 gxf3 33. gxf3 Rg3 34. Rg2
Rxf3+ 35. Ke2 Rh3 36. Rg5 Ne4 0-1

[Event "Mercredi 2016.10.12 ABCD"]
[Site "Montreal CAN"]
[Date "2016.10.12"]
[Round "1"]
[White "Nardone, Raul"]
[Black "Robidoux, Julien"]
[Result "1/2-1/2"]
[WhiteElo "1845"]
[BlackElo "1780"]
[PlyCount "80"]
[EventDate "2016.10.12"]
[EventType "tourn"]
[EventRounds "5"]
[EventCountry "CAN"]

1. d4 Nf6 2. Nf3 g6 3. Bg5 Bg7 4. Nbd2 d5 5. e3 Bf5 6. Be2 Nc6 7. c3 O-O 8. O-O
Re8 9. b4 Ne4 10. Nxe4 Bxe4 11. Nd2 f6 12. Nxe4 dxe4 13. Qb3+ Kh8 14. Bh4 Qd7
15. Rad1 a6 16. a4 Reb8 17. Bg3 b5 18. axb5 axb5 19. Ra1 Nd8 20. Ra5 Rxa5 21.
bxa5 Ra8 22. Ra1 c6 23. d5 f5 24. Rd1 Nb7 25. dxc6 Qxc6 26. Bxb5 Qc5 27. a6 Nd6
28. Bxd6 exd6 29. c4 Qb6 30. Qc2 Rc8 31. Qd2 Be5 32. Qd5 Rc7 33. g3 Kg7 34. Qe6
Qa7 35. Rd5 Re7 36. Qc8 Rc7 37. Qe8 Re7 38. Qc8 Rc7 39. Qe6 Re7 40. Qc8 Rc7
1/2-1/2

[Event "Mercredi 2016.10.12 ABCD"]
[Site "Montreal CAN"]
[Date "2016.10.12"]
[Round "1"]
[White "Nunez, Omar"]
[Black "Brassard, Sylvain"]
[Result "1/2-1/2"]
[WhiteElo "1942"]
[BlackElo "1847"]
[PlyCount "43"]
[EventDate "2016.10.12"]
[EventType "tourn"]
[EventRounds "5"]
[EventCountry "CAN"]

1. f4 b6 2. Nf3 Nf6 3. b3 e6 4. Bb2 d5 5. e3 Ba6 6. Bxa6 Nxa6 7. O-O Be7 8. Ne5
Qd6 9. Ba3 c5 10. c4 Nd7 11. d4 O-O 12. Nd2 f6 13. Nd3 e5 14. dxc5 Naxc5 15.
Nxc5 Nxc5 16. cxd5 Qxd5 17. Nc4 Qe6 18. f5 Qf7 19. Nd6 Bxd6 20. Qxd6 Rfd8 21.
Qc6 Rac8 22. Qb5 1/2-1/2

[Event "Mercredi 2016.10.12 ABCD"]
[Site "Montreal CAN"]
[Date "2016.10.12"]
[Round "1"]
[White "Soudre, Nicolas"]
[Black "Dupuis, Stephane"]
[Result "1-0"]
[WhiteElo "2202"]
[BlackElo "2130"]
[PlyCount "71"]
[EventDate "2016.10.12"]
[EventType "tourn"]
[EventRounds "5"]
[EventCountry "CAN"]

1. e4 d6 2. f4 c5 3. Nf3 Nc6 4. Bb5 Nf6 5. Bxc6+ bxc6 6. Nc3 g6 7. O-O Bh6 8.
d3 O-O 9. Qe1 Rb8 10. b3 Nh5 11. f5 Bg7 12. Bd2 d5 13. Rd1 Nf6 14. Bf4 Rb7 15.
Na4 gxf5 16. e5 Ne8 17. Nxc5 Rb5 18. d4 Nc7 19. Qg3 Kh8 20. a4 Rb6 21. e6 Nxe6
22. Nxe6 Bxe6 23. Bc7 Qc8 24. Bxb6 axb6 25. Qf4 Bd7 26. Ne5 e6 27. c3 Be8 28.
Rde1 f6 29. Nf3 Bd7 30. Qd6 Rf7 31. Re2 Bf8 32. Qf4 Be8 33. Rfe1 Re7 34. Nh4
Bg6 35. Nxg6+ hxg6 36. Qd6 1-0

[Event "Mercredi 2016.10.12 ABCD"]
[Site "Montreal CAN"]
[Date "2016.10.12"]
[Round "1"]
[White "Tremblay, Alain"]
[Black "Boudreau, Daniel"]
[Result "1-0"]
[WhiteElo "2175"]
[BlackElo "2171"]
[PlyCount "55"]
[EventDate "2016.10.12"]
[EventType "tourn"]
[EventRounds "5"]
[EventCountry "CAN"]

1. e4 c5 2. Nf3 e6 3. d4 cxd4 4. Nxd4 Nc6 5. Nc3 a6 6. Be2 Qc7 7. O-O Nf6 8. a3
Nxd4 9. Qxd4 Bc5 10. Qd3 b5 11. Kh1 h5 12. f4 d6 13. Qg3 g6 14. Qg5 Qe7 15. Qg3
Bb7 16. Bf3 h4 17. Qh3 Nh5 18. Bxh5 Rxh5 19. Bd2 Rc8 20. Rae1 Bd4 21. f5 gxf5
22. exf5 Bxc3 23. fxe6 f6 24. Bxc3 f5 25. Rxf5 Rxf5 26. Qxf5 Rc5 27. Qg6+ Kd8
28. Bf6 1-0

[Event "Mercredi 2016.10.12 ABCD"]
[Site "Montreal CAN"]
[Date "2016.10.19"]
[Round "2"]
[White "Dumouchel, Alain"]
[Black "Gates, Claude-Eric"]
[Result "1-0"]
[WhiteElo "1784"]
[BlackElo "1810"]
[PlyCount "63"]
[EventDate "2016.10.12"]
[EventType "tourn"]
[EventRounds "5"]
[EventCountry "CAN"]

1. e4 c5 2. Nf3 Nc6 3. d4 cxd4 4. Nxd4 Nf6 5. Nc3 e5 6. Ndb5 d6 7. Bg5 a6 8.
Bxf6 gxf6 9. Na3 b5 10. Nd5 f5 11. c3 Be6 12. exf5 Bxd5 13. Qxd5 Ne7 14. Qf3
Rc8 15. Nc2 Bh6 16. a4 Qd7 17. g4 bxa4 18. Bxa6 Rb8 19. c4 O-O 20. Bb5 Rxb5 21.
cxb5 d5 22. g5 e4 23. Qe2 Bxg5 24. Rg1 Qxf5 25. h4 f6 26. hxg5 fxg5 27. Ne3 Qf6
28. Rd1 Rd8 29. Qh5 h6 30. Ng4 Qxb2 31. Nxh6+ Kh7 32. Nf5+ 1-0

[Event "Mercredi 2016.10.12 ABCD"]
[Site "Montreal CAN"]
[Date "2016.10.19"]
[Round "2"]
[White "Dupuis, Stephane"]
[Black "Tremblay, Alain"]
[Result "0-1"]
[WhiteElo "2130"]
[BlackElo "2175"]
[PlyCount "40"]
[EventDate "2016.10.12"]
[EventType "tourn"]
[EventRounds "5"]
[EventCountry "CAN"]

1. d4 d5 2. Nf3 e6 3. g3 Nf6 4. Bg2 c5 5. O-O Nc6 6. c4 Be7 7. cxd5 exd5 8. Be3
c4 9. Ne5 O-O 10. Nc3 Qa5 11. Qd2 Rd8 12. b3 Bb4 13. Rfc1 Ba3 14. Rd1 Bb4 15.
Rdc1 Nxe5 16. dxe5 Ne4 17. Bxe4 dxe4 18. Qc2 Bf5 19. Bg5 Rd7 20. bxc4 Bxc3 0-1

[Event "Mercredi 2016.10.12 ABCD"]
[Site "Montreal CAN"]
[Date "2016.10.19"]
[Round "2"]
[White "Langlois-Remillard, Alexis"]
[Black "Cardin, Guillaume"]
[Result "0-1"]
[WhiteElo "1954"]
[BlackElo "2039"]
[PlyCount "60"]
[EventDate "2016.10.12"]
[EventType "tourn"]
[EventRounds "5"]
[EventCountry "CAN"]

1. b3 Nf6 2. Bb2 g6 3. Bxf6 exf6 4. c4 Bg7 5. Nc3 f5 6. g3 O-O 7. Bg2 d6 8. Rc1
c6 9. e3 Nd7 10. Nge2 Nf6 11. O-O Re8 12. Qc2 a5 13. Rfd1 h5 14. d4 h4 15. a3
hxg3 16. hxg3 Ng4 17. b4 Qg5 18. Nf4 Qh6 19. Nh3 f4 20. exf4 Qh8 21. Qd2 axb4
22. axb4 Bf5 23. d5 Ra3 24. Re1 Rxe1+ 25. Rxe1 Bxc3 26. Re8+ Kg7 27. Qxc3+ Rxc3
28. Rxh8 Kxh8 29. dxc6 Rc1+ 30. Bf1 bxc6 0-1

[Event "Mercredi 2016.10.12 ABCD"]
[Site "Montreal CAN"]
[Date "2016.10.19"]
[Round "2"]
[White "Lebeau, Gilbert"]
[Black "Luo, Zhao Yang"]
[Result "0-1"]
[WhiteElo "2089"]
[BlackElo "2073"]
[PlyCount "76"]
[EventDate "2016.10.12"]
[EventType "tourn"]
[EventRounds "5"]
[EventCountry "CAN"]

1. d4 d5 2. c4 c5 3. cxd5 Qxd5 4. Nf3 cxd4 5. Nc3 Qa5 6. Nxd4 Bd7 7. g3 Nf6 8.
Bg2 e5 9. Nb3 Qa6 10. Bg5 Bb4 11. O-O Bxc3 12. Nc5 Qb6 13. Nxd7 Nbxd7 14. bxc3
Qa6 15. Qb3 Nc5 16. Qb4 Rc8 17. Qh4 O-O 18. Bxf6 Qxf6 19. Qxf6 gxf6 20. Rfd1
Rfd8 21. Rd5 Na4 22. Rad1 Rxd5 23. Rxd5 Rxc3 24. Rd8+ Kg7 25. Bxb7 Rc2 26. e4
Rxa2 27. Bd5 Ra1+ 28. Kg2 Nb6 29. g4 Rd1 30. Kf3 Rd3+ 31. Ke2 Rd4 32. f3 a5 33.
Rd6 Rb4 34. Rc6 Rb5 35. Rd6 a4 36. Kd3 a3 37. Kc3 Nxd5+ 38. Rxd5 a2 0-1

[Event "Mercredi 2016.10.12 ABCD"]
[Site "Montreal CAN"]
[Date "2016.10.19"]
[Round "2"]
[White "Lopez Linares, Lizandro"]
[Black "Soudre, Nicolas"]
[Result "1-0"]
[WhiteElo "2251"]
[BlackElo "2202"]
[PlyCount "61"]
[EventDate "2016.10.12"]
[EventType "tourn"]
[EventRounds "5"]
[EventCountry "CAN"]

1. d4 d5 2. Nf3 Nc6 3. Bf4 Bg4 4. Nbd2 e6 5. e3 Bd6 6. Bg3 Nge7 7. Be2 O-O 8.
O-O Bxg3 9. hxg3 Ng6 10. c4 Qe7 11. cxd5 exd5 12. Qb3 Qd6 13. Rac1 Rab8 14. Rc5
Nge7 15. Rfc1 b6 16. R5c3 Na5 17. Qa4 Bd7 18. Qa3 Nac6 19. Bb5 Rfc8 20. Qa4 a6
21. Bxc6 b5 22. Qc2 Nxc6 23. Rxc6 Bxc6 24. Qxc6 Qxc6 25. Rxc6 Rb6 26. Rc5 Rd6
27. Ne5 f6 28. Nd3 c6 29. Nb3 Ra8 30. Na5 b4 31. Nxc6 1-0